[Event "SRB-chT2 Vojvodina"]
[Site "Palic"]
[Date "2024.11.04"]
[Round "10.1"]
[White "Tadic, Stefan"]
[Black "Konyves, Almos"]
[Result "1-0"]
[WhiteElo "2446"]
[BlackElo "2262"]
[PlyCount "69"]
[EventDate "2024.10.29"]
[EventType "team-tourn"]
[EventRounds "11"]
[EventCountry "SRB"]
[SourceTitle "CB45_2024"]
[Source "ChessBase"]
[SourceDate "2024.11.06"]
[SourceVersion "1"]
[SourceVersionDate "2024.11.06"]
[SourceQuality "1"]
[WhiteTeam "Nova Pazova Mladost"]
[BlackTeam "Pacir Backa"]
[WhiteTeamCountry "SRB"]
[BlackTeamCountry "SRB"]

1. Nf3 d5 2. d4 Nf6 3. Bf4 e6 4. e3 Bd6 5. Nbd2 0-0 6. Ne5 c5 7. c3 b6 8. h4 Qc7 9. h5 Nfd7 10. Ndf3 f6 11. Ng6 Re8 12. Bxd6 Qxd6 13. Nf4 Bb7 14. h6 g6 15. Qc2 Nf8 16. 0-0-0 cxd4 17. Nxd4 Nbd7 18. g3 a6 19. Nb3 a5 20. a4 Rac8 21. e4 Nc5 22. Bb5 Red8 23. exd5 e5 24. Nxc5 Qxc5 25. d6 Rxd6 26. Qb3+ Kh8 27. Qf7 Qc7 28. Qxc7 Rxd1+ 29. Rxd1 Rxc7 30. Rd8 Rc8 31. Rxc8 Bxc8 32. Nd5 f5 33. Nxb6 Bb7 34. Nc4 f4 35. Nxe5 1-0

[Event "SRB-chT2 Vojvodina"]
[Site "Palic"]
[Date "2024.11.01"]
[Round "5.1"]
[White "Konyves, Almos"]
[Black "Solodovnichenko, Yuri"]
[Result "0-1"]
[WhiteElo "2262"]
[BlackElo "2497"]
[PlyCount "64"]
[EventDate "2024.10.29"]
[EventType "team-tourn"]
[EventRounds "11"]
[EventCountry "SRB"]
[SourceTitle "CB45_2024"]
[Source "ChessBase"]
[SourceDate "2024.11.06"]
[SourceVersion "1"]
[SourceVersionDate "2024.11.06"]
[SourceQuality "1"]
[WhiteTeam "Pacir Backa"]
[BlackTeam "Jazak Car Uros"]
[WhiteTeamCountry "SRB"]
[BlackTeamCountry "SRB"]

1. d4 d5 2. c4 e6 3. Nc3 c6 4. e3 Nf6 5. Nf3 Nbd7 6. Bd3 dxc4 7. Bxc4 b5 8. Bd3 Bd6 9. a4 b4 10. Ne4 Nxe4 11. Bxe4 Bb7 12. Nd2 Qc7 13. Nc4 Be7 14. 0-0 c5 15. d5 exd5 16. Bxd5 Bxd5 17. Qxd5 0-0 18. e4 Nb6 19. Nxb6 axb6 20. Be3 Bf6 21. Ra2 c4 22. b3 b5 23. Rc2 Qe5 24. axb5 Qxd5 25. exd5 cxb3 26. Rd2 b2 27. b6 Ra1 28. Rdd1 Rfa8 29. f4 Rxd1 30. Rxd1 Ra1 31. b7 Rxd1+ 32. Kf2 h6 0-1

[Event "SRB-chT2 Vojvodina"]
[Site "Palic"]
[Date "2024.10.30"]
[Round "3.1"]
[White "Konyves, Almos"]
[Black "Sutormin, Danila"]
[Result "0-1"]
[WhiteElo "2262"]
[BlackElo "2393"]
[PlyCount "104"]
[EventDate "2024.10.29"]
[EventType "team-tourn"]
[EventRounds "11"]
[EventCountry "SRB"]
[SourceTitle "CB45_2024"]
[Source "ChessBase"]
[SourceDate "2024.11.06"]
[SourceVersion "1"]
[SourceVersionDate "2024.11.06"]
[SourceQuality "1"]
[WhiteTeam "Pacir Backa"]
[BlackTeam "Sombor"]
[WhiteTeamCountry "SRB"]
[BlackTeamCountry "SRB"]

1. d4 d6 2. c4 e5 3. Nf3 e4 4. Ng5 f5 5. g3 h6 6. Nh3 g5 7. Bg2 Bg7 8. e3 Nf6 9. Nc3 c6 10. b3 Na6 11. 0-0 0-0 12. Kh1 d5 13. cxd5 cxd5 14. a4 Be6 15. Nb5 Qd7 16. Ng1 Rfc8 17. Ba3 Nc7 18. Nxc7 Rxc7 19. Qd2 Bf8 20. Bxf8 Rxf8 21. Ne2 Qf7 22. Rac1 Rd7 23. Ng1 Qh5 24. Qe2 Qg6 25. f4 Rh7 26. Rc2 Ng4 27. Nh3 Rg7 28. Rfc1 Rff7 29. a5 a6 30. b4 Bd7 31. Rc7 Bb5 32. Rc8+ Kh7 33. Qd2 Qh5 34. Rd8 Bc4 35. Rd6 Rf8 36. Rg1 Rfg8 37. Rb6 Bd3 38. Rd6 Bc4 39. Rb6 Rc8 40. Rc1 Rgc7 41. Kg1 Bb3 42. Rxb7 Rxb7 43. Rxc8 Bc4 44. Rc5 gxf4 45. gxf4 Rg7 46. Kh1 Qg6 47. Rc8 Qf6 48. Rb8 Qh4 49. Rb6 Bb3 50. b5 Bd1 51. Qxd1 Qxh3 52. Qg1 Qh4 0-1

[Event "Abu Dhabi op-A 30th"]
[Site "Abu Dhabi"]
[Date "2024.08.21"]
[Round "6"]
[White "Konyves, Almos"]
[Black "Sanchez Alvarez, Roberto Carlos"]
[Result "0-1"]
[WhiteElo "2291"]
[BlackElo "2387"]
[PlyCount "68"]
[EventDate "2024.08.15"]
[EventType "swiss"]
[EventRounds "9"]
[EventCountry "UAE"]
[SourceTitle "EXT 2025"]
[Source "ChessBase"]
[SourceDate "2024.10.14"]
[SourceVersion "1"]
[SourceVersionDate "2024.10.14"]
[SourceQuality "1"]

1. d4 Nf6 2. c4 e6 3. Nc3 Bb4 4. e3 0-0 5. Bd3 d5 6. a3 Bxc3+ 7. bxc3 dxc4 8. Bxc4 c5 9. Nf3 Qc7 10. Be2 Nc6 11. Bb2 Rd8 12. Qc2 e5 13. dxe5 Nxe5 14. c4 Ng6 15. h4 Bg4 16. h5 Nxh5 17. Qc3 f6 18. Nd2 Bxe2 19. Kxe2 Qd7 20. Nf3 Qg4 21. Rh2 Rd7 22. Re1 Rad8 23. Bc1 f5 24. Rh3 Rd3 25. Qxd3 Rxd3 26. Kxd3 Qxg2 27. Reh1 Nf6 28. Bd2 Ng4 29. Be1 N6e5+ 30. Nxe5 Nxe5+ 31. Ke2 Qe4 32. Kf1 Qxc4+ 33. Kg1 Qe2 34. Bc3 Ng4 0-1

[Event "Budapest Vezerkepzo GM 07"]
[Site "Budapest"]
[Date "2024.07.16"]
[Round "7"]
[White "Gedajlovic, Max"]
[Black "Konyves, Almos"]
[Result "1/2-1/2"]
[WhiteElo "2386"]
[BlackElo "2335"]
[PlyCount "118"]
[EventDate "2024.07.12"]
[EventType "tourn"]
[EventRounds "9"]
[EventCountry "HUN"]
[EventCategory "6"]
[SourceTitle "CBM 221 Extra"]
[Source "ChessBase"]
[SourceDate "2024.09.30"]
[SourceVersion "1"]
[SourceVersionDate "2024.09.30"]
[SourceQuality "1"]

1. d4 Nf6 2. c4 e6 3. Nc3 Bb4 4. e3 0-0 5. Bd3 Re8 6. Nge2 d5 7. 0-0 Bf8 8. e4 dxe4 9. Nxe4 Nxe4 10. Bxe4 e5 11. dxe5 Qxd1 12. Rxd1 Rxe5 13. Nc3 Re8 14. Bf4 c6 15. Re1 Be6 16. Bf5 Nd7 17. Bxe6 Rxe6 18. Rxe6 fxe6 19. Rd1 Nf6 20. h3 Be7 21. Be3 Kf7 22. Kf1 Ke8 23. Ke2 Bb4 24. Rc1 a6 25. g4 Rd8 26. f3 h6 27. Nd1 Nd7 28. Nf2 Bc5 29. Nd3 Bxe3 30. Kxe3 Ke7 31. h4 Kf6 32. h5 Ne5 33. Nf2 Ke7 34. f4 Nf7 35. Nd3 Kf6 36. Rf1 a5 37. b3 b6 38. c5 b5 39. g5+ hxg5 40. fxg5+ Ke7 41. g6 Nh6 42. Ne5 Rd5 43. Nxc6+ Kd7 44. Nxa5 Rxc5 45. b4 Re5+ 46. Kd3 Rxh5 47. Nb3 Rd5+ 48. Kc3 Nf5 49. Nc5+ Ke7 50. a4 bxa4 51. Nxa4 Nd6 52. Nc5 Rg5 53. Ra1 Rxg6 54. Ra7+ Kf6 55. Ra6 Rg3+ 56. Kc2 Ke7 57. Rxd6 Kxd6 58. Ne4+ Kd5 59. Nxg3 Kc4 1/2-1/2

[Event "Budapest Vezerkepzo GM 07"]
[Site "Budapest"]
[Date "2024.07.15"]
[Round "5"]
[White "Manish, Anto Cristiano F"]
[Black "Konyves, Almos"]
[Result "1-0"]
[WhiteElo "2323"]
[BlackElo "2335"]
[PlyCount "125"]
[EventDate "2024.07.12"]
[EventType "tourn"]
[EventRounds "9"]
[EventCountry "HUN"]
[EventCategory "6"]
[SourceTitle "CBM 221 Extra"]
[Source "ChessBase"]
[SourceDate "2024.09.30"]
[SourceVersion "1"]
[SourceVersionDate "2024.09.30"]
[SourceQuality "1"]

1. Nf3 d5 2. g3 c6 3. Bg2 Bf5 4. 0-0 e6 5. d3 h6 6. Nbd2 Nf6 7. Qe1 Be7 8. e4 Bh7 9. Qe2 0-0 10. b3 a5 11. a4 Na6 12. Bb2 Nb4 13. Ne1 Qc7 14. f4 dxe4 15. dxe4 Nd7 16. Kh1 Rfd8 17. Nc4 Bf6 18. e5 Be7 19. Rd1 Nb6 20. Nd6 Nc8 21. f5 Nxd6 22. exd6 Rxd6 23. Be5 Bxf5 24. c3 Na6 25. Nf3 Rxd1 26. Qxd1 Qd8 27. Nd4 Bg6 28. h4 h5 29. g4 Bf8 30. Bg3 e5 31. gxh5 Bh7 32. Qf3 exd4 33. Qxf7+ Kh8 34. h6 Nc5 35. Qh5 Ne6 36. Be5 d3 37. Kg1 Qe8 38. Rxf8+ Qxf8 39. Be4 Qg8 40. Bxd3 Rd8 41. Bc4 Qe8 42. Qg4 Qg6 43. Qxg6 Bxg6 44. Bxe6 Re8 45. hxg7+ Kh7 46. Bc4 b5 47. axb5 cxb5 48. Bd5 Rd8 49. c4 bxc4 50. bxc4 Bc2 51. Bc7 Rxd5 52. cxd5 Kxg7 53. Bxa5 Kf6 54. d6 Bf5 55. Kf2 Bd7 56. Bd8+ Ke5 57. Be7 Kf4 58. h5 Kf5 59. Ke3 Be8 60. h6 Kg6 61. Bg5 Kf7 62. Kd4 Ba4 63. Kc5 1-0

[Event "Budapest Vezerkepzo GM 04"]
[Site "Budapest"]
[Date "2024.04.30"]
[Round "5"]
[White "Plat, Vojtech"]
[Black "Konyves, Almos"]
[Result "0-1"]
[WhiteElo "2506"]
[BlackElo "2315"]
[PlyCount "148"]
[EventDate "2024.04.27"]
[EventType "tourn"]
[EventRounds "9"]
[EventCountry "HUN"]
[EventCategory "6"]
[SourceTitle "CBM 220 Extra"]
[Source "ChessBase"]
[SourceDate "2024.07.31"]
[SourceVersion "1"]
[SourceVersionDate "2024.07.31"]
[SourceQuality "1"]

1. d4 Nf6 2. c4 e6 3. g3 d5 4. Bg2 dxc4 5. Qa4+ Bd7 6. Qxc4 Bc6 7. Nf3 Be7 8. 0-0 0-0 9. Nc3 a6 10. Qd3 Nbd7 11. Bg5 h6 12. Bxf6 Nxf6 13. e4 b6 14. Rfd1 Bb7 15. Qe2 Bb4 16. Ne5 Nd7 17. Nd3 Bxc3 18. bxc3 Qe7 19. Qb2 e5 20. Re1 Rab8 21. f4 exf4 22. Nxf4 b5 23. e5 Bxg2 24. Qxg2 Nb6 25. Re4 Qa3 26. Qc2 Na4 27. Rf1 Qxc3 28. Qf2 Qc6 29. Re3 Nb6 30. Rf3 Nd5 31. Nd3 f6 32. h3 Rbe8 33. Kh2 Qa8 34. Qc2 fxe5 35. dxe5 Ne3 36. Rxf8+ Rxf8 37. Rxf8+ Qxf8 38. Qe2 Nd5 39. e6 Qe7 40. Qe4 c6 41. h4 a5 42. Kg2 a4 43. Nf4 Qd6 44. Ng6 Nf6 45. e7 Qxg3+ 46. Kh1 Qh3+ 47. Kg1 Qg3+ 48. Kh1 Qh3+ 49. Kg1 Qd7 50. Qe2 Qd4+ 51. Kf1 Qc4 52. Qxc4+ bxc4 53. Ne5 g5 54. hxg5 hxg5 55. Ke2 Ne8 56. Nxc4 Kf7 57. Nb6 a3 58. Nc4 Kxe7 59. Nxa3 Kd6 60. Nc4+ Kc5 61. Nd2 Nf6 62. Ke3 Kb4 63. Nf3 g4 64. Ne5 c5 65. Nd3+ Kc4 66. Ne5+ Kd5 67. Ng6 c4 68. a4 Kc5 69. a5 Nd5+ 70. Ke2 c3 71. Ne5 Nf4+ 72. Kd1 g3 73. Kc2 g2 74. Nf3 Nd5 0-1

[Event "Budapest Vezerkepzo GM 04"]
[Site "Budapest"]
[Date "2024.04.29"]
[Round "3"]
[White "Lee, Jun Hyeok"]
[Black "Konyves, Almos"]
[Result "1/2-1/2"]
[WhiteElo "2389"]
[BlackElo "2315"]
[PlyCount "69"]
[EventDate "2024.04.27"]
[EventType "tourn"]
[EventRounds "9"]
[EventCountry "HUN"]
[EventCategory "6"]
[SourceTitle "CBM 220 Extra"]
[Source "ChessBase"]
[SourceDate "2024.07.31"]
[SourceVersion "1"]
[SourceVersionDate "2024.07.31"]
[SourceQuality "1"]

1. d4 Nf6 2. c4 e6 3. Nf3 Bb4+ 4. Nbd2 b6 5. g3 Bb7 6. Bg2 0-0 7. 0-0 Re8 8. b3 c5 9. dxc5 Bxc5 10. Bb2 d5 11. Ne5 Nc6 12. e3 Nxe5 13. Bxe5 Qe7 14. cxd5 Bxd5 15. Qe2 Bxg2 16. Kxg2 Rad8 17. Rfd1 Rd5 18. Bxf6 Qxf6 19. Nf3 Red8 20. h4 h6 21. Rxd5 Rxd5 22. Rd1 Rxd1 23. Qxd1 g6 24. Qd3 Qb2 25. a4 Kg7 26. Nd2 Bb4 27. Nc4 Qc3 28. Qd1 Bc5 29. e4 a6 30. Qf3 Qd4 31. Qf4 b5 32. axb5 axb5 33. Qe5+ Qxe5 34. Nxe5 f5 35. exf5 1/2-1/2

[Event "Budapest SixDays 03 GM"]
[Site "Budapest"]
[Date "2024.03.31"]
[Round "3"]
[White "Mayank, Chakraborty"]
[Black "Konyves, Almos"]
[Result "1/2-1/2"]
[WhiteElo "2386"]
[BlackElo "2315"]
[PlyCount "103"]
[EventDate "2024.03.30"]
[EventType "tourn"]
[EventRounds "9"]
[EventCountry "HUN"]
[EventCategory "7"]
[SourceTitle "CBM 219 Extra"]
[Source "ChessBase"]
[SourceDate "2024.05.31"]
[SourceVersion "1"]
[SourceVersionDate "2024.05.31"]
[SourceQuality "1"]

1. e4 e5 2. Nf3 Nc6 3. Bc4 Bc5 4. d3 Nf6 5. Nc3 h6 6. 0-0 0-0 7. h3 d6 8. Na4 Bb4 9. c3 Ba5 10. b4 Bb6 11. Nxb6 axb6 12. a4 Ne7 13. Be3 Ng6 14. Bb3 d5 15. Bc2 Re8 16. c4 d4 17. Bd2 Nh7 18. Bb3 Qf6 19. c5 bxc5 20. Rc1 c6 21. Rxc5 Nhf8 22. Nh2 Nf4 23. Bxf4 Qxf4 24. g3 Qg5 25. h4 Qg6 26. Qf3 Be6 27. Bxe6 Qxe6 28. a5 Qb3 29. Rc4 c5 30. Qd1 Qxd1 31. Rxd1 cxb4 32. Ra1 b6 33. a6 Ra7 34. Rxb4 Nd7 35. f4 exf4 36. gxf4 Nc5 37. Ra3 Rxa6 38. Rxa6 Nxa6 39. Rxd4 b5 40. Nf3 b4 41. Nd2 Nc5 42. Kf2 b3 43. Ke3 Rb8 44. Rc4 Nd7 45. Nb1 Nb6 46. Rd4 f5 47. Kd2 fxe4 48. dxe4 Rc8 49. Rb4 Nc4+ 50. Kd3 Nb2+ 51. Kd4 Rd8+ 52. Kc3 1/2-1/2

[Event "Budapest SixDays 03 GM"]
[Site "Budapest"]
[Date "2024.03.30"]
[Round "1"]
[White "Kaasen, Tor Fredrik"]
[Black "Konyves, Almos"]
[Result "1-0"]
[WhiteElo "2450"]
[BlackElo "2315"]
[PlyCount "117"]
[EventDate "2024.03.30"]
[EventType "tourn"]
[EventRounds "9"]
[EventCountry "HUN"]
[EventCategory "7"]
[SourceTitle "CBM 219 Extra"]
[Source "ChessBase"]
[SourceDate "2024.05.31"]
[SourceVersion "1"]
[SourceVersionDate "2024.05.31"]
[SourceQuality "1"]

1. e4 e5 2. Nf3 Nc6 3. Bb5 a6 4. Ba4 Nf6 5. 0-0 Be7 6. Re1 b5 7. Bb3 d6 8. c3 0-0 9. h3 Na5 10. Bc2 c5 11. d4 Qc7 12. d5 Nc4 13. b3 Nb6 14. Be3 a5 15. a4 bxa4 16. bxa4 Ba6 17. Nfd2 g6 18. Na3 Nh5 19. Rb1 Ng7 20. Nb5 Qd8 21. f4 Bf6 22. fxe5 Bxe5 23. Nf3 Bg3 24. Rf1 Nc4 25. Bh6 f6 26. Bd3 Ne5 27. Be2 Nf7 28. Bxg7 Kxg7 29. Na3 Bc8 30. Nc4 Re8 31. Bd3 Qe7 32. Qc2 Ne5 33. Nfxe5 Bxe5 34. Rb6 Rf8 35. Rfb1 Ra7 36. Rb8 Qc7 37. Qb3 Rf7 38. Qb6 Qxb6 39. R1xb6 Bd7 40. Nxe5 dxe5 41. Bb5 f5 42. Bxd7 Rfxd7 43. Re8 fxe4 44. Rxe5 e3 45. c4 Re7 46. Rbe6 Rf7 47. Rc6 Rab7 48. Rxe3 Rb4 49. Rxc5 Rxa4 50. Rd3 Ra1+ 51. Kh2 Ra2 52. d6 Rff2 53. Rg3 Rad2 54. Rc7+ Kh6 55. c5 a4 56. d7 a3 57. c6 a2 58. Ra7 Rf6 59. Rxa2 1-0

[Event "HUN-chT1 Charousek 2324"]
[Site "Hungary"]
[Date "2024.02.18"]
[Round "6.5"]
[White "Krutti, Valer"]
[Black "Konyves, Almos"]
[Result "1/2-1/2"]
[WhiteElo "2250"]
[BlackElo "2279"]
[PlyCount "105"]
[EventDate "2023.10.08"]
[EventType "team-tourn"]
[EventRounds "11"]
[EventCountry "HUN"]
[SourceTitle "EXT 2025"]
[Source "ChessBase"]
[SourceDate "2024.10.14"]
[SourceVersion "1"]
[SourceVersionDate "2024.10.14"]
[SourceQuality "1"]
[WhiteTeam "Tuxera ANSK II"]
[BlackTeam "Ajka Sentimento"]
[WhiteTeamCountry "HUN"]
[BlackTeamCountry "HUN"]

1. d4 Nf6 2. c4 e6 3. Nf3 d5 4. g3 dxc4 5. Bg2 Nc6 6. 0-0 Rb8 7. e3 Be7 8. Qe2 b5 9. b3 0-0 10. Rd1 Nb4 11. Ne5 Bb7 12. bxc4 bxc4 13. Bxb7 Rxb7 14. Qxc4 Qd5 15. Qe2 Nxa2 16. Rxa2 Rxb1 17. Rxa7 Ne4 18. Qc2 Rb3 19. f3 Ng5 20. e4 Qb5 21. Rxc7 Bd6 22. Rc8 Nxf3+ 23. Nxf3 Rxf3 24. Qc4 Qd7 25. Rxf8+ Bxf8 26. Kg2 Rf6 27. Bf4 Qb7 28. Qd3 h5 29. Rb1 Qa7 30. Qd2 Qa3 31. Qe2 h4 32. Bg5 h3+ 33. Kxh3 Rf3 34. Rb8 Rc3 35. Bf4 f6 36. Qb2 Qxb2 37. Rxb2 Rc4 38. Rd2 Bb4 39. Rd3 Kf7 40. Kg4 Bc3 41. Be3 e5 42. dxe5 Bxe5 43. Kf3 Ke6 44. Rb3 Rc3 45. Rxc3 Bxc3 46. Bf4 f5 47. exf5+ Kxf5 48. g4+ Ke6 49. Ke4 g6 50. Be3 Be5 51. Bf4 Bc3 52. Bc7 Be1 53. h3 1/2-1/2

[Event "Budapest Vezerkepzo IM Christmas"]
[Site "Budapest"]
[Date "2024.01.02"]
[Round "8"]
[White "Mohammad, Nubairshah Shaikh"]
[Black "Konyves, Almos"]
[Result "1/2-1/2"]
[WhiteElo "2434"]
[BlackElo "2282"]
[PlyCount "93"]
[EventDate "2023.12.26"]
[EventType "tourn"]
[EventRounds "9"]
[EventCountry "HUN"]
[SourceTitle "CBM 218 Extra"]
[Source "ChessBase"]
[SourceDate "2024.03.31"]
[SourceVersion "1"]
[SourceVersionDate "2024.03.31"]
[SourceQuality "1"]

1. c4 e5 2. g3 Nf6 3. Bg2 d5 4. cxd5 Nxd5 5. Nf3 Nc6 6. 0-0 Nb6 7. Nc3 Be7 8. a3 0-0 9. d3 Be6 10. Be3 Nd5 11. Nxd5 Bxd5 12. Rc1 Nd4 13. Nxe5 Bxg2 14. Kxg2 Qd5+ 15. Nf3 Nxf3 16. exf3 c6 17. Re1 a6 18. Rc4 Bf6 19. Qc2 Rfd8 20. Bb6 Rdc8 21. a4 h6 22. h4 Re8 23. Rce4 Re6 24. Rxe6 fxe6 25. Re4 Re8 26. b4 Re7 27. Qe2 Kf7 28. Qe3 e5 29. Ba7 Rd7 30. Bb8 Qxd3 31. Bxe5 Qxe3 32. fxe3 Re7 33. Bxf6 Rxe4 34. fxe4 Kxf6 35. a5 Ke5 36. Kf3 g6 37. g4 g5 38. h5 Kd6 39. Ke2 c5 40. bxc5+ Kxc5 41. e5 b5 42. e4 Kc6 43. Kd3 Kd7 44. Kc3 Ke7 45. Kd3 Kd7 46. Kc3 Ke7 47. Kd3 1/2-1/2

[Event "Budapest Vezerkepzo IM Christmas"]
[Site "Budapest"]
[Date "2023.12.30"]
[Round "5"]
[White "Konyves, Almos"]
[Black "Pandey, Srishti"]
[Result "1/2-1/2"]
[WhiteElo "2282"]
[BlackElo "2195"]
[PlyCount "75"]
[EventDate "2023.12.26"]
[EventType "tourn"]
[EventRounds "9"]
[EventCountry "HUN"]
[SourceTitle "CBM 218 Extra"]
[Source "ChessBase"]
[SourceDate "2024.03.31"]
[SourceVersion "1"]
[SourceVersionDate "2024.03.31"]
[SourceQuality "1"]

1. d4 Nf6 2. c4 d6 3. Nc3 Nbd7 4. e4 e5 5. Nf3 g6 6. Be2 Bg7 7. Be3 0-0 8. d5 Ng4 9. Bg5 f6 10. Bh4 g5 11. Bg3 Nh6 12. Nd2 f5 13. f3 f4 14. Bf2 Nf6 15. h3 c5 16. Qb1 Nf7 17. b4 b6 18. a4 Bd7 19. a5 h5 20. Kd1 g4 21. hxg4 hxg4 22. fxg4 Nxg4 23. Bxg4 Bxg4+ 24. Kc2 Bd7 25. bxc5 bxc5 26. Qb7 Qe7 27. Rab1 Bf6 28. Nf3 Ng5 29. Rh6 Nh7 30. Kd3 Rfd8 31. Nh4 Qf8 32. Rh5 Qf7 33. Rh6 Qf8 34. Rh5 Qe8 35. Rh6 Qf8 36. Rh5 Qe8 37. Rh6 Qf8 38. Rh5 1/2-1/2

[Event "Budapest Vezerkepzo IM Christmas"]
[Site "Budapest"]
[Date "2023.12.27"]
[Round "2"]
[White "Cosman, Andreea Marioara"]
[Black "Konyves, Almos"]
[Result "0-1"]
[WhiteElo "2120"]
[BlackElo "2282"]
[PlyCount "116"]
[EventDate "2023.12.26"]
[EventType "tourn"]
[EventRounds "9"]
[EventCountry "HUN"]
[SourceTitle "CBM 218 Extra"]
[Source "ChessBase"]
[SourceDate "2024.03.31"]
[SourceVersion "1"]
[SourceVersionDate "2024.03.31"]
[SourceQuality "1"]

1. d4 Nf6 2. c4 e6 3. Nc3 Bb4 4. e3 0-0 5. Bd2 b6 6. Nf3 Bb7 7. Bd3 c5 8. a3 Bxc3 9. Bxc3 cxd4 10. exd4 d5 11. c5 Ne4 12. cxb6 Nxc3 13. bxc3 axb6 14. 0-0 Ba6 15. Ne5 Nd7 16. Bxa6 Nxe5 17. Bb5 Ng6 18. a4 Qc7 19. Rc1 Ne7 20. Qd3 Qd6 21. Rb1 Rfc8 22. Rb3 Nc6 23. f4 Na5 24. Rb4 Rc7 25. Ba6 g6 26. g3 Rca7 27. Bb5 Nc6 28. Rb3 Ra5 29. Rfb1 Rb8 30. Qe2 Na7 31. Qe5 Qd8 32. Bd7 Rb7 33. Bxe6 Nc6 34. Qe3 Qe8 35. Rxb6 Rxb6 36. Bxf7+ Kxf7 37. Qxe8+ Kxe8 38. Rxb6 Nd8 39. h4 Rxa4 40. h5 gxh5 41. Rh6 Ra7 42. Rxh5 Rd7 43. Kf2 Kf8 44. Ke3 Kg7 45. c4 dxc4 46. Rc5 Ra7 47. g4 Nf7 48. d5 Nd6 49. Rc6 Rd7 50. Kd4 c3 51. Kxc3 Ne4+ 52. Kc4 Nf6 53. d6 Nxg4 54. Kc5 Nf6 55. Ra6 Ne4+ 56. Kd5 Rxd6+ 57. Rxd6 Nxd6 58. Kxd6 Kf6 0-1

[Event "Budapest Vezerkepzo IM Christmas"]
[Site "Budapest"]
[Date "2023.12.26"]
[Round "1"]
[White "Konyves, Almos"]
[Black "Chubakov, Sultan"]
[Result "1-0"]
[WhiteElo "2282"]
[BlackElo "2073"]
[PlyCount "47"]
[EventDate "2023.12.26"]
[EventType "tourn"]
[EventRounds "9"]
[EventCountry "HUN"]
[SourceTitle "CBM 218 Extra"]
[Source "ChessBase"]
[SourceDate "2024.03.31"]
[SourceVersion "1"]
[SourceVersionDate "2024.03.31"]
[SourceQuality "1"]

1. d4 d5 2. c4 c6 3. Nc3 Nf6 4. Nf3 dxc4 5. a4 Bf5 6. Ne5 Nbd7 7. Nxc4 Nb6 8. Ne5 a5 9. f3 Nfd7 10. Nxd7 Nxd7 11. e4 Bg6 12. Be2 Qb6 13. f4 e5 14. dxe5 0-0-0 15. Qc2 Qd4 16. Bd2 Nc5 17. 0-0-0 Nxe4 18. Bg4+ f5 19. Nxe4 fxg4 20. f5 Bxf5 21. Nd6+ Rxd6 22. Qxf5+ Rd7 23. Bc3 g6 24. Qxd7+ 1-0

[Event "Rhodes Summer Cup"]
[Site "Rhodes"]
[Date "2023.08.25"]
[Round "5"]
[White "Konyves, Almos"]
[Black "Szalay Ocsak, Bank"]
[Result "1/2-1/2"]
[WhiteElo "2288"]
[BlackElo "2182"]
[PlyCount "61"]
[EventDate "2023.08.21"]
[EventType "swiss"]
[EventRounds "9"]
[EventCountry "GRE"]
[SourceTitle "CBM 215 Extra"]
[Source "ChessBase"]
[SourceDate "2023.09.30"]
[SourceVersion "1"]
[SourceVersionDate "2023.09.30"]
[SourceQuality "1"]

1. e4 e5 2. Nf3 Nc6 3. Bc4 Bc5 4. c3 Nf6 5. d4 exd4 6. e5 d5 7. Bb5 Ne4 8. cxd4 Bb6 9. Nc3 0-0 10. Be3 Bd7 11. a4 Ba5 12. 0-0 Nxc3 13. bxc3 Bxc3 14. Rb1 Ba5 15. Bd3 Nb4 16. Ng5 h6 17. Nh7 Re8 18. Rxb4 Bxb4 19. Qh5 Re6 20. f4 Qe7 21. f5 Rxe5 22. dxe5 Qxe5 23. Bxh6 Bc3 24. Bxg7 Qe3+ 25. Kh1 Bxg7 26. Ng5 Qxd3 27. Qxf7+ Kh8 28. Qh5+ Kg8 29. Qf7+ Kh8 30. Qh5+ Kg8 31. Qf7+ 1/2-1/2

[Event "Rhodes Summer Cup"]
[Site "Rhodes"]
[Date "2023.08.23"]
[Round "3"]
[White "Konyves, Almos"]
[Black "Garsky, Vladyslav"]
[Result "1-0"]
[WhiteElo "2288"]
[BlackElo "2099"]
[PlyCount "29"]
[EventDate "2023.08.21"]
[EventType "swiss"]
[EventRounds "9"]
[EventCountry "GRE"]
[SourceTitle "CBM 215 Extra"]
[Source "ChessBase"]
[SourceDate "2023.09.30"]
[SourceVersion "1"]
[SourceVersionDate "2023.09.30"]
[SourceQuality "1"]

1. c4 Nf6 2. d4 e6 3. Nc3 d5 4. cxd5 exd5 5. Bg5 Be7 6. e3 0-0 7. Bd3 c6 8. Qc2 h6 9. Bf4 Nh5 10. Be5 Nd7 11. h3 a5 12. Bh2 Nhf6 13. Nf3 Re8 14. 0-0 b5 15. Nxb5 1-0

[Event "HUN-ch Rapid"]
[Site "Ajka"]
[Date "2023.07.22"]
[Round "8"]
[White "Konyves, Almos"]
[Black "Vertetics, Attila"]
[Result "1/2-1/2"]
[WhiteElo "2308"]
[BlackElo "2457"]
[PlyCount "79"]
[EventDate "2023.07.21"]
[EventType "swiss (rapid)"]
[EventRounds "13"]
[EventCountry "HUN"]
[SourceTitle "CBM 215 Extra"]
[Source "ChessBase"]
[SourceDate "2023.09.30"]
[SourceVersion "1"]
[SourceVersionDate "2023.09.30"]
[SourceQuality "1"]

1. d4 Nf6 2. c4 e6 3. Nc3 Bb4 4. e3 Bxc3+ 5. bxc3 d6 6. Bd3 c5 7. Ne2 e5 8. e4 Nc6 9. 0-0 0-0 10. h3 Nd7 11. Be3 b6 12. f4 cxd4 13. cxd4 Ba6 14. Qa4 Na5 15. Qb4 exd4 16. Bxd4 Rc8 17. Qxd6 Nc5 18. Bxc5 Rxc5 19. Qxd8 Rxd8 20. Rfd1 Kf8 21. e5 g6 22. Nc3 Bxc4 23. Bxc4 Rxd1+ 24. Rxd1 Rxc4 25. Nd5 Nc6 26. g3 Rd4 27. Rxd4 Nxd4 28. Kf2 h5 29. g4 hxg4 30. hxg4 Ke8 31. Ke3 Nc6 32. Ke4 Kd7 33. f5 gxf5+ 34. gxf5 b5 35. Nc3 a6 36. Kd5 Ne7+ 37. Ke4 Nc6 38. Kd5 Ne7+ 39. Ke4 Nc6 40. Kd5 1/2-1/2

[Event "Budapest Vezerkepzo Summer IM"]
[Site "Budapest"]
[Date "2023.07.19"]
[Round "9"]
[White "Szalay Ocsak, Bank"]
[Black "Konyves, Almos"]
[Result "1-0"]
[WhiteElo "2102"]
[BlackElo "2308"]
[PlyCount "61"]
[EventDate "2023.07.11"]
[EventType "tourn"]
[EventRounds "9"]
[EventCountry "HUN"]
[SourceTitle "CBM 215 Extra"]
[Source "ChessBase"]
[SourceDate "2023.09.30"]
[SourceVersion "1"]
[SourceVersionDate "2023.09.30"]
[SourceQuality "1"]

1. e4 e5 2. Nf3 Nc6 3. Bc4 Bc5 4. 0-0 Nf6 5. d4 Bxd4 6. Nxd4 Nxd4 7. Bg5 d6 8. f4 Bg4 9. Bxf6 Bxd1 10. Bxd8 Rxd8 11. c3 Nc2 12. Rxd1 Nxa1 13. Na3 exf4 14. Rxa1 0-0 15. Rf1 g5 16. Nb1 Kg7 17. Nd2 f5 18. Nf3 Kf6 19. exf5 d5 20. Bd3 c5 21. h4 h6 22. hxg5+ hxg5 23. Nh2 Rfe8 24. Ng4+ Kf7 25. b3 b6 26. a4 Rd6 27. Kf2 Rh8 28. Re1 a5 29. f6 Kf8 30. Bg6 Rd8 31. Ne5 1-0